<?xml version="1.0" encoding="UTF-8"?>
<collection xmlns="http://www.loc.gov/MARC21/slim">
 <record>
  <leader>     na                 </leader>
  <controlfield tag="001">INLIS000000000005255</controlfield>
  <controlfield tag="005">20220606095213</controlfield>
  <datafield tag="035" ind1=" " ind2=" ">
   <subfield code="a">0010-0721000514</subfield>
  </datafield>
  <controlfield tag="008">220606                g          0 ind  </controlfield>
  <datafield tag="245" ind1="1" ind2=" ">
   <subfield code="a">Mengenal Klaim Kontruksi &amp; Penyelesaiannya, Sengketa Kontruksi</subfield>
  </datafield>
  <datafield tag="100" ind1="1" ind2=" ">
   <subfield code="a">Yasin, Nazarkhan</subfield>
  </datafield>
  <datafield tag="260" ind1=" " ind2=" ">
   <subfield code="a">Jakarta :</subfield>
   <subfield code="b">Gramedia Pustaka Utama,</subfield>
   <subfield code="c">2004</subfield>
  </datafield>
  <datafield tag="300" ind1=" " ind2=" ">
   <subfield code="a">356 hlm. ;</subfield>
   <subfield code="c">24 cm.</subfield>
  </datafield>
  <datafield tag="020" ind1=" " ind2=" ">
   <subfield code="a">979-22-0858-5</subfield>
  </datafield>
  <datafield tag="084" ind1=" " ind2=" ">
   <subfield code="a">347.09 YAS m</subfield>
  </datafield>
  <datafield tag="520" ind1=" " ind2=" ">
   <subfield code="a">Mengenal klaim konstruksi penyelesaian sengketa konstruksi sebagaimana telah disinggung dalam Buku Pertama: Mengenal KONTRAK KONSTRUKSI di Indonesia yang telah terbit dan beredar, buku ini mengupas perbagai masalah klaim konstruksi disertai cara-cara menyelesaikan sengketa konstruksi yang timbul tefutama penyelesaran sengketa di luar Pengadilan. Masalah klaim konstruksi dan penyeles aian sengketa konstruksi ini sengaja penulis kupas karena belakangan ini mulai ramai dibicarakan terutama di kalangan pelaku jasa konstruksi karena dituntut oleh suatu kebutuhan antara lain sebagai akibat dari krisis moneter petengahan tahun 1997 yang lalu, di mana masih banyak klaim yung belum terselesaikan namun belum ada buku yang khusus mengupas masalah ini secara lengkap. Dalam buku yang terdiri dari 12 (dua belas) bab ini akan dikupas masalah klaim konstruksi mulai dari pengertian yar,g kita kenal selama ini (terlanjur keliru), sebab-sebab atau asal usul klaim, kategori klaim, unsur- unsur klaim analisis klaim, evaluasi klaim, sampai kepada cara-cara menyelesaikan klaim tersebut yang berakhir dengan sengketa Selanjutnya dikupas pula cara-cara penyelesaian sengketa di luar Pengadilan, baik melalui arbitrase maupun jalur alternatif beserta proses pengajuan Mengenal Klain Konstruksi dan Penyelesaian Sengketa Konstruksi permohonan Arbitrase tersebut , acara persidangannya sampai kepada cara melaksan akan putusan arbitrase tersebut. Menurut hemat penulis, buku ini sangat bermanfaat terutama bagi para pelaku industri jasa konstruksi, para pakar hukum di bidang usaha jasa konstruksi yang pasti banyak menjumpai masalah ini, dunia perguruan tinggi yang berkaitan dengan bidang hukum dan teknik seperti Fakultas Hukum dan Fakultas Teknik, Lembagayang membina usaha Jasa Konstruksi, Asosiasi Profesi, Konsultan hukum bahkan bagi masyarakat umum yang peduli akan perkembangan industri jasa konstruksi ditanah air. Buku ini ditulis berdasarkan pengetahuan dan pengalaman penulis sebagai penyedia jasa bidang jasa konstruksi pada tiga buah BUMN selama hampir 3 dekade ditambah T3 tahun menggeluti masalah yang berhubungan dengan hukum konstruksi dan 6 tahun terakhir ini menangani masalah klaim konstruksi dan penyelesaian sengketa konstruksi melalui Arbitrase dari para klien Kantor Advokat Gani Djemat Partners, hingga pensiun sejak 1 Agustus 2003 yang lalu. Selama menangani masalah klaim konstruksi dan penyelesaian sengketa konstruksi penulis telah menyelesaikan tak kurang sebanyak I5 kasus dengan Lembaga Arbitrase BANI dan beb erupa kali dengan Arbitrase Ad Hoc, sebagian besar sebagai kuasa pemohon Arbitrase. by:yL</subfield>
  </datafield>
  <datafield tag="082" ind1=" " ind2=" ">
   <subfield code="a">347.09</subfield>
  </datafield>
  <datafield tag="650" ind1=" " ind2="4">
   <subfield code="a">Hukum</subfield>
  </datafield>
  <datafield tag="650" ind1=" " ind2="4">
   <subfield code="a">Arbritase</subfield>
  </datafield>
  <datafield tag="990" ind1=" " ind2=" ">
   <subfield code="a">020685</subfield>
  </datafield>
  <datafield tag="990" ind1=" " ind2=" ">
   <subfield code="a">020683</subfield>
  </datafield>
  <datafield tag="990" ind1=" " ind2=" ">
   <subfield code="a">020684</subfield>
  </datafield>
  <datafield tag="990" ind1=" " ind2=" ">
   <subfield code="a">020686</subfield>
  </datafield>
  <datafield tag="990" ind1=" " ind2=" ">
   <subfield code="a">020687</subfield>
  </datafield>
 </record>
</collection>
